000 00634nam a2200193 i 4500
001 30952
003 ES-MaACL
005 20230906154300.0
007 t|
008 030128m19251933sp ||||1| spa d
100 1 _aBello Poeyusan, Severino.
_9159015
245 1 0 _aCanal de Isabel II
_b: memoria sobre el estado de los diferentes servicios... /
_cpor Severino Bello.
260 _aMadrid :
_b[s.n.,
_c1925-1933] (
_fTalls. Voluntad)
300 _a7 v. ;
_c24 cm.
505 8 _aContiene: AƱos: 1924-1932
610 2 _aCanal de Isabel II-
_vMemorias.
_9155766
710 2 _aCanal de Isabel II.
_92422
852 _aES-MaACL
_jC-7228-33
999 _c30952
_d30952